| 000 | 01036nam a22002897a 4500 | ||
|---|---|---|---|
| 003 | OSt | ||
| 005 | 20211125035026.0 | ||
| 008 | 160218b xxu||||| |||| 00| 0 eng d | ||
| 010 | _a 83024734 | ||
| 020 |
_a0132123339 : _c$34.95 |
||
| 040 |
_aMMU _cMMU _dMMU _beng |
||
| 050 | 0 | 0 |
_aTK7888.3 _b.M343 1984 |
| 082 | 0 | 0 |
_a621.3815/37 _219 |
| 100 | 1 |
_aMano, M. Morris, _d1927- |
|
| 245 | 1 | 0 |
_aDigital design / _cM. Morris Mano. |
| 260 |
_aEnglewood Cliffs, N.J. : _bPrentice-Hall, _cc1984. |
||
| 300 |
_axi, 492 p. : _bill. ; _c24 cm. |
||
| 500 | _aChapters 1-7 and 10 originally published as part of the author's Digital logic and computer design, c1979. | ||
| 504 | _aIncludes bibliographical references and index. | ||
| 650 | 0 |
_aElectronic digital computers _xCircuits. |
|
| 650 | 0 | _aLogic circuits. | |
| 650 | 0 | _aLogic design. | |
| 650 | 0 | _aDigital integrated circuits. | |
| 700 | 1 |
_aMano, M. Morris, _d1927- _tDigital logic and computer design. |
|
| 906 |
_a7 _bcbc _corignew _d1 _eocip _f19 _gy-gencatlg |
||
| 942 |
_2lcc _cLOAN LOAN |
||
| 999 |
_c16509 _d16509 |
||